000 00691nam a22002297a 4500
003 UA-OsUOA
001 91111
007 ta
008 20121122b un ||||| |||| 00| 0 ukr d
100 _aМалиновский И. А.
090 _a94(477).02
_bМ19
942 _cBK
040 _aUA-OsUOA
_brus
_cUA-OsUOA
_dUA-OsUOA
245 _aДревнейшая русская аристократия
_cпод ред. и с предисл. Попелюшка В. А.
300 _a32 с.
955 _a1
041 _arus
080 _a94(477).02
260 _aОстрог
_bНаУОА
_c2012
650 7 _a9 Географія. Біографії. Історія
_2UDC
999 _c377378
_d377378